00966nam a22002657a 4500003000400000005001700004008004100021017001900062020001800081040002400099100002300123245013200146260003000278300002100308500001300329500008600342650004300428650002000471650003900491650003500530650005500565650004200620650001700662700002100679OSt20170413110528.0170413s2011 spc r|||| 000|0 spa d aDL M. 896-2011 a9788434469600 aEs-BaCBUbcatcCDMR1 aClarke, Richard A.10aGuerra en la red b: los nuevos campos de batalla /cRichard A. Clarke y Robert K. Knake ; traducción de Luis Alfonso Noriega aBarcelona :bAriel,c2011 a367 p. ;c23 cm. aGlossari aTrad. de: Ciber war. The next threat to National Security and what to do about it 7aCiberespaixAspectes polítics2lemac 4aSecrets d'Estat 7aDefensa (Ciència militar)2lemac 7aSeguretat informàtica2lemac 7aOrdinadors, Xarxes d'xMesures de seguretat2lemac 7aInternetxMesures de seguretat2lemac 7aCiberguerres1 aKnake, Robert K.